| 000 | 00656nam a2200277Ia 4500 | ||
|---|---|---|---|
| 008 | 181129s9999 xx 000 0 und d | ||
| 020 | _a9780439584432 | ||
| 050 | _bG984 1999 | ||
| 100 | _aGutman, Dan | ||
| 245 | 0 | _aJackie & me / | |
| 245 | 0 | _cby Dan Gutman. | |
| 260 | _aNew York, NY : | ||
| 260 | _bScholastic, | ||
| 260 | _c1999 | ||
| 300 | _a145 pages : | ||
| 300 | _billustrations ; | ||
| 300 | _c19cm. | ||
| 440 | _aA baseball card adventure. | ||
| 500 | _a670L | ||
| 650 | _aAfrican Americans. | ||
| 650 | _aBaseball cards. | ||
| 650 | _aRace relations. | ||
| 650 | _aTime travel. | ||
| 700 | _aSeries. | ||
| 700 | _aTitle. | ||
| 999 |
_c360051 _d360051 |
||